000 01003nam a2200361 a 4500
003 AR-BaBNM
005 20251128203828.0
008 082120s2002 ||||||||||||||000 | spa||
040 _cAR-BaBNM
100 1 _aBossing, Nelson L.
245 0 0 _aPrincipios de la educación secundaria
250 _a2ª ed.
260 _aBuenos Aires
_bEudeba
_c1960
300 _a530 p.
490 0 _aTemas de Eudeba. Educación
500 _aIndice alfabético p. 509-525
504 _aBibliografía al final de cada capítulo
650 4 _aSIGLO DIECISIETE
650 4 _aRENACIMIENTO
650 4 _aADOLESCENTES
650 4 _aCURRICULO
650 4 _aACTIVIDADES ESCOLARES
650 4 _aESCUELAS DE LA COMUNIDAD
651 4 _aEuropa
651 4 _aEstados Unidos
653 _aEDUCACION SECUNDARIA
653 _aFINANCIAMIENTO EDUCATIVO
653 _aORIENTACION EDUCATIVA
700 1 _aFranco, Ada Emma
_etraductor
700 1 _aSolari, Horacio
_erevisión
942 _cBK
998 _cCarmen
999 _c5071
_d5071